Afrikaans Words; Colours - Statistics

General Stats
  • This quiz has been taken 23 times
  • The average score is 12 of 16
Answer Stats
English Word Afrikaans Word % Correct
Green Groen
95%
White Wit
95%
Blue Blou
90%
Yellow Geel
90%
Colour Kleur
90%
Red Rooi
90%
Black Swart
90%
Colours Kleure
85%
Orange Oranje
85%
Purple Pers
85%
Dark Donker
70%
Pink Pienk
70%
Grey Grys
65%
Light Lig
65%
Rainbow Reënboog
55%
Clear Helder
10%
No matching quizzes found
Score Distribution
Percent of People with Each Score
Percentile by Number Answered
Your Score History
You have not taken this quiz